| 000 | 00393nam a2200157Ia 4500 | ||
|---|---|---|---|
| 008 | 230718s9999 xx 000 0 und d | ||
| 041 | _aeng | ||
| 082 |
_a004.6 _bMIL |
||
| 100 | _aMiller R. | ||
| 245 | _aAlgorithms Sequential And Parallel | ||
| 250 | _a2nd ed. | ||
| 260 | _bDreamtech | ||
| 365 |
_cRs. _b299.00 |
||
| 700 | _aMiller R. & Boxer L. | ||
| 906 |
_dB:341326-Mar-2007 _cIT _b59.8 |
||
| 999 |
_c316995 _d316995 |
||